Statistics for General Knowledge Quiz #42

Click here to take the quiz!

General Stats

  • This quiz has been taken 128,641 times
    (33,400 since last reset)
  • The average score is 14 of 20

Answer Stats

QuestionAnswer% Correct
In what country were noodles invented around 4000 years ago?China
97%
What is Mexico's currency?Mexican Peso
93%
In chat lingo, what does "TBH" stand for?To be honest
90%
What does a tadpole become when it grows up?Frog / Toad
88%
What Swedish retailer is reportedly responsible for about 1% of Earth's
annual wood consumption?
IKEA
83%
What do hummingbirds and Greek gods drink?Nectar
81%
What's the first rule of Fight Club?Do not talk about Fight Club
78%
In what country did "The Sound of Music" take place?Austria
77%
What famous U.S. musical festival was held from August 15–18, 1969?Woodstock
74%
What dictator appeared in a leather jacket and sunglasses in a promotional video
for his country's latest ballistic missile?
Kim Jong-un
71%
What is the least populous country that hosts a Formula One race?Monaco
71%
What is India's longest river, measured by its length within India?Ganges
69%
Who are made of sugar, spice, and everything nice?Little girls
67%
Apart from the monarch, who is the leader of the Church of England?Archbishop of {Canterbury}
65%
What smelly element is also referred to as brimstone?Sulfur
64%
Besides the moon, what is the brightest object in the night sky?Venus
59%
Who is the patron saint of England?St. George
51%
In the book "Game of Thrones", what last name is given to children from
the North with unknown parentage?
Snow
47%
Who succeeded Nikita Khrushchev as leader of the USSR in 1964?Leonid Brezhnev
30%
What word, starting with N, is a common synonym for "sobriquet"?Nickname
21%

Score Distribution

Percentile by Number Answered

Percent of People with Each Score

Your Score History

You have not taken this quiz since the last reset